| 000 | 00646cam a22002171 4500 | ||
|---|---|---|---|
| 001 | sa 68018596 | ||
| 003 | DLC | ||
| 005 | 20260227112713.0 | ||
| 008 | 730319s1964 xx 000 0 ind | ||
| 010 | _asa 68018596 | ||
| 035 | _a(OCoLC)582811 | ||
| 040 |
_aDLC _cOAU _dDLC |
||
| 042 | _apremarc | ||
| 050 | 0 | 0 |
_aPL5075 _b.I4 1964 |
| 100 | 1 | _aIljas, Nj. Johanisoen. | |
| 245 | 1 | 0 |
_aAnggia Murni; _bbatjaan remadja, _coleh Nj. Johanisoen Iljas, Diberi bergambar 5 buah oleh Iljas St. M. Kajo. |
| 250 | _aTjet. 3. | ||
| 260 |
_aDjakarta, _bBalai Pustaka, _c1964. |
||
| 300 |
_a160 p. _billus. _c19 cm. |
||
| 650 | 0 |
_aIndonesian language _xReaders. |
|
| 999 |
_c88528 _d88528 |
||